| 000 | 00478nam a22001817a 4500 | ||
|---|---|---|---|
| 003 | SISC | ||
| 005 | 20160308135938.0 | ||
| 008 | 130902t xxu||||| |||| 00| 0 eng d | ||
| 020 | _a9780752826301 | ||
| 050 |
_aPE 1417 _b.W552 1999 |
||
| 082 |
_aHS 808.042 _bW55 1999 |
||
| 100 |
_aWhale, John _921295 |
||
| 245 |
_aPut it in writing : _cJohn Whale. |
||
| 260 |
_aLondon : _bOrion Paperback, _cc1999. |
||
| 300 |
_a151 p. : _c19 cm. |
||
| 942 |
_2lcc _cBK |
||
| 999 |
_c10202 _d10202 |
||